| 000 | 01019cam a2200265 4500 | ||
|---|---|---|---|
| 008 | 090401t1996 xxu||||| |||| 00| 0 eng d | ||
| 020 | _a1898671060 | ||
| 035 | _a(Sirsi) u4899 | ||
| 041 | _aeng | ||
| 050 | _a658.404 | ||
| 110 |
_aConstruction Industry Council _92417 |
||
| 245 | _aProject management skills in the construction industry | ||
| 260 |
_aLondon _bCIC _c1996 |
||
| 300 | _a15p. ; 30cm. | ||
| 350 | _a10 | ||
| 520 | _aSummarises the competencies required for those operating in construction project management. It was produced as the basis for the development of a certification scheme for the industry but may also serve as a benchmark for other educational and training purposes in construction project management. | ||
| 650 | _aASSOCIATION OF PROJECT MANAGERS | ||
| 650 | _aCERTIFICATION SCHEMES | ||
| 650 | _aCONSTRUCTION INDUSTRY | ||
| 650 | _aPROJECT MANAGEMENT TASK FORCE | ||
| 650 |
_aProject management _96261 |
||
| 690 | _aBUILT ENVIRONMENT | ||
| 942 | _n0 | ||
| 948 | _c04/03/1997 | ||
| 999 |
_c86084 _d86084 |
||